| 000 | 00445 a2200157 4500 | ||
|---|---|---|---|
| 020 | _a 9698510206 | ||
| 040 |
_aDLC _bDLC |
||
| 082 | _a297.63 | ||
| 100 | _aRiaz, Muhammad Qadiri. | ||
| 245 |
_aQasidah Burdah Sharif _cMuhammad Qadiri Riaz _hBook |
||
| 260 |
_aGujrawala : _bAbbasi Publications _c2002. |
||
| 300 |
_a v, 110 p. ; _c 24 cm. |
||
| 500 | _aIncludes Index | ||
| 650 | _a 1.Muhammad (PBUH)--Bibliography. | ||
| 942 |
_cBK _k297.63 RIA _2ddc |
||
| 999 |
_c7258 _d7258 |
||